| 000 | 00893nam a2200265 i 4500 | ||
|---|---|---|---|
| 003 | EG-ScBUE | ||
| 005 | 20240418105404.0 | ||
| 008 | 100323t1969 n f b 001 0 eng d | ||
| 040 |
_aEG-ScBUE _beng _erda _cEG-ScBUE _dEG-ScBUE |
||
| 082 | 0 | 4 |
_222 _a951.050924 _bPAY |
| 100 | 1 |
_aPayne, Robert, _eauthor. _913046 |
|
| 245 | 1 | 0 |
_aMao Tse-Tung / _cRobert Payne. |
| 264 | 1 |
_aNew York : _bWeybright and Talley, _c[1969] |
|
| 264 | 4 | _cc1969 | |
| 300 |
_a343 pages ; _c25 cm |
||
| 336 |
_2rdacontent _atext _btxt |
||
| 337 |
_aunmediated _2rdamedia _bn |
||
| 338 |
_avolume _bnc _2rdacarrier |
||
| 504 | _aIncludes bibliographical references and index. | ||
| 600 | 1 | 7 |
_2BUEsh _aMao, Zedong, _d1893-1976 _vJuvenile literature. |
| 650 | 7 |
_aHeads of state _zChina _vBiography _xJuvenile literature. _2BUEsh _913048 |
|
| 655 | _vReading book | ||
| 942 |
_2ddc _cBB |
||
| 999 |
_c13762 _d13762 |
||